| 000 | 00462nam a22001817a 4500 | ||
|---|---|---|---|
| 003 | MPLRDC | ||
| 005 | 20220104142617.0 | ||
| 008 | 210129b ||||| |||| 00| 0 eng d | ||
| 082 | _a857.4523 ZGL v.2 | ||
| 100 | _a张国良 | ||
| 245 |
_a三顾茅庐 _c |
||
| 250 | _a一版一刷 | ||
| 260 |
_a _b上海文艺出版社 _c1984 |
||
| 300 | _b平 | ||
| 490 | _a长篇评话三国之二 | ||
| 650 | _a历史小说--三国演义 | ||
| 942 |
_cBK _o857.4523 ZGL v.2 |
||
| 999 |
_c32272 _d32262 |
||